000 02174cam a22005414i 4500
003 PE-LiUPU
005 20250731165601.0
008 150625s r 000 0 d
035 _a(Sirsi) a38094
035 _a(Sirsi) a38094
040 _aPE-LiUPU
_bspa
_cPE-LiUPU
_erda
082 0 4 _a373.198
_bE5
_221
100 1 _aCueva García, Anibal,
_eautor.
245 1 0 _aEnciclopedia del deporte y educación física.
_n2 /
_c[editado por Luis Alfredo Bartolo Rodríguez, Wilbert Valladares Vilela, Carlo Valverde Martínez.. et al.].
264 1 _a[Lima] :
_bA.F.A. Editores Importadores,
_c[2004?].
300 _ap. 537-1054 :
_bilustraciones ;
_c25 cm.
336 _atext
_2rdacontent
337 _aunmediated
_2rdamedia
338 _avolume
_2rdacarrier
505 0 _aDiccionario enciclopédico del deporte y medicina deportiva de A - Z. -Historia de las olimpiadas. -Los juegos en la antigüedad. -Los juegos modernos.
526 _aSEG44
526 _aSEG26
526 _aP151
526 _aP150
526 _aP149
526 _aP146
526 _aP145
526 _aP126
526 _aP125
526 _aP92
526 _aP75
526 _aP74
526 _aP27
526 _aP15
541 _g002-0002955;
650 0 4 _aEducación física
_vEnciclopedias.
650 0 4 _aMedicina deportiva.
650 0 4 _aDeportes
_vEnciclopedias.
700 1 _aBartolo Rodríguez, Luis Alfredo,
_eeditor.
700 1 _aValladares Vilela, Wilbert,
_eeditor.
700 1 _aValverde Martinez, Carlo,
_eeditor.
910 _bjv
_clch
_d20070817
942 _2ddc
_cBOOK
949 _aRC 373.198 E5 2
_wDEWEY
_c1
_i57244
_lRC
_mBUL
_p46.00
_r0
_sY
_tBOOK
_u2015-6-25
_xBIBLIOTECA
_zUNKNOWN
_0COMPRA
_o.CIRCNOTE. No olvidar cambiar la fecha de devolución!!!!!!!
_o.STAFF. Colección General
994 _aC0
_bPEPRU
596 _a1
999 _aRC 373.198 E5 2
_wDEWEY
_c46340
_i57244
_d46340
_f2021-11-9
_g5
_lCCODEBUL1
_mBUL
_p46.00
_q2
_r1
_sY
_tBOOK
_u2015-6-25
_xEDUCACION
_zUNKNOWN
_0COMPRA
_o.CIRCNOTE. No olvidar cambiar la fecha de devolución!!!!!!!
_o.STAFF. Colección General
980 _81
_gALBERTO SANCHEZ Responsable de Automatización